Centro Regional universitario de oriente
Presenta el anteproyecto de un centro de estudio universitario debido al entusiasmo que abordo la población escolar y pueblo en general.
| Main Author: | |
|---|---|
| Other Authors: | |
| Format: | Tesis Section = Libro |
| Language: | Undetermined Spanish |
| Published: |
Guatemala
USAC-G
1971
|
| Subjects: |
| LEADER | 00771nam a2200217Ia 4500 | ||
|---|---|---|---|
| 008 | 240830s9999 xx 000 0 und d | ||
| 040 | |a BIBLIOTECA-RUSB/ Mon 727.372814 H557 | ||
| 041 | |a spa | ||
| 082 | |a Mon 727.372814 H557 | ||
| 100 | 1 | |a Hernández Ordoñez, Víctor Hugo | |
| 245 | 1 | 0 | |a Centro Regional universitario de oriente |
| 260 | |a Guatemala |b USAC-G |c 1971 | ||
| 300 | |a 59 p. :il. | ||
| 502 | |a Tesis (Arquitecto) - USAC-G, 1971. | ||
| 520 | 3 | |a Presenta el anteproyecto de un centro de estudio universitario debido al entusiasmo que abordo la población escolar y pueblo en general. | |
| 650 | 7 | |a CENTRO DE UNIVERSIDADES | |
| 650 | 7 | |b ORIENTE - GUATEMALA | |
| 700 | 1 | |a Tutor: |b Aycinena Echavarría, Roberto | |
| 942 | |c BK |2 ddc | ||
| 991 | |a TESIS | ||
| 999 | |c 21403 | ||